Naïve : (Record no. 352812)
[ view plain ]
| 000 -LEADER | |
|---|---|
| fixed length control field | 00772 a2200229 4500 |
| 003 - CONTROL NUMBER IDENTIFIER | |
| control field | OSt |
| 005 - DATE AND TIME OF LATEST TRANSACTION | |
| control field | 20180116192347.0 |
| 008 - FIXED-LENGTH DATA ELEMENTS--GENERAL INFORMATION | |
| fixed length control field | 120530t xxu||||| |||| 00| 0 eng d |
| 010 ## - LIBRARY OF CONGRESS CONTROL NUMBER | |
| LC control number | 2009494567 |
| 020 ## - INTERNATIONAL STANDARD BOOK NUMBER | |
| International Standard Book Number | 9783899552478 |
| 040 ## - CATALOGING SOURCE | |
| Transcribing agency | 0 |
| 082 04 - DEWEY DECIMAL CLASSIFICATION NUMBER | |
| Classification number | 741.6 |
| 245 00 - TITLE STATEMENT | |
| Title | Naïve : |
| Remainder of title | modernism and folklore in contemporary graphic design / |
| Statement of responsibility, etc. | [edited by Robert Klanten & Hendrik Hellige]. |
| 260 ## - PUBLICATION, DISTRIBUTION, ETC. | |
| Place of publication, distribution, etc. | Berlin : |
| Name of publisher, distributor, etc. | Gestalten, |
| Date of publication, distribution, etc. | 2009. |
| 300 ## - PHYSICAL DESCRIPTION | |
| Extent | 175 p. : |
| Other physical details | col. ill. ; |
| Dimensions | 28 cm. |
| 650 10 - SUBJECT ADDED ENTRY--TOPICAL TERM | |
| Topical term or geographic name entry element | Graphic arts |
| General subdivision | History |
| Chronological subdivision | 21st century |
| 9 (RLIN) | 2619 |
| 650 10 - SUBJECT ADDED ENTRY--TOPICAL TERM | |
| Topical term or geographic name entry element | Art, Modern |
| Chronological subdivision | 21st century |
| 9 (RLIN) | 2620 |
| 700 1# - ADDED ENTRY--PERSONAL NAME | |
| Personal name | Klanten, Robert. |
| 9 (RLIN) | 2621 |
| 700 1# - ADDED ENTRY--PERSONAL NAME | |
| Personal name | Hellige, Hendrik. |
| 9 (RLIN) | 2622 |
| 942 ## - ADDED ENTRY ELEMENTS (KOHA) | |
| Institution code [OBSOLETE] | SADA |
| Koha item type | Book |
| Call number prefix | 741.6 NAI 2009 |
| Source of classification or shelving scheme | |
| Withdrawn status | Lost status | Source of classification or shelving scheme | Damaged status | Not for loan | Permanent Location | Current Location | Date acquired | Total Checkouts | Total Renewals | Full call number | Barcode | Date last seen | Date last checked out | Cost, replacement price | Price effective from | Koha item type |
|---|---|---|---|---|---|---|---|---|---|---|---|---|---|---|---|---|
| School of Art Design and Architecture (SADA) | School of Art Design and Architecture (SADA) | 04/11/2011 | 4 | 3 | 741.6 NAI 2009 | SADA0000777 | 03/19/2015 | 02/26/2015 | 3555.00 | 08/05/2011 | Book |
